Pathinanchupanyasam (Record no. 92106)

MARC details
000 -LEADER
fixed length control field 00546nam a2200181Ia 4500
003 - CONTROL NUMBER IDENTIFIER
control field OSt
005 - DATE AND TIME OF LATEST TRANSACTION
control field 20220316062740.0
008 - FIXED-LENGTH DATA ELEMENTS--GENERAL INFORMATION
fixed length control field 211109s9999||||xx |||||||||||||| ||und||
040 ## - CATALOGING SOURCE
Transcribing agency sbcl
082 ## - DEWEY DECIMAL CLASSIFICATION NUMBER
Classification number 894.8124
Item number KUT-P
100 ## - MAIN ENTRY--PERSONAL NAME
Personal name Kuttikrishna Marar
245 #0 - TITLE STATEMENT
Title Pathinanchupanyasam
260 ## - PUBLICATION, DISTRIBUTION, ETC.
Name of publisher, distributor, etc. Sahiththyapravarthaka Sahakaranasangam
Place of publication, distribution, etc. Kottayam
Date of publication, distribution, etc. 1963
300 ## - PHYSICAL DESCRIPTION
Extent 164p.
630 ## - SUBJECT ADDED ENTRY--UNIFORM TITLE
General subdivision General Stack
650 ## - SUBJECT ADDED ENTRY--TOPICAL TERM
Topical term or geographic name entry element Literature & rhetoric
942 ## - ADDED ENTRY ELEMENTS (KOHA)
Koha item type BOOK
650 ## - SUBJECT ADDED ENTRY--TOPICAL TERM
Form subdivision Altaic, Uralic, Hyperborean & Dravidian
Source of heading or term Literatures of other languages
General subdivision Generalia
Holdings
Withdrawn status Lost status Source of classification or shelving scheme Damaged status Not for loan Home library Current library Date acquired Cost, normal purchase price Full call number Barcode Shelving location Date last seen Price effective from Koha item type
    Dewey Decimal Classification     SB LIBRARY SB LIBRARY 09/11/2021 100.00 894.8124 KUT-P 00077051 GENERAL STACK 09/11/2021 09/11/2021 BOOK

Powered by Koha